| 000 | 00524nam a2200181Ia 4500 | ||
|---|---|---|---|
| 008 | 151202s9999||||xx |||||||||||||| ||und|| | ||
| 082 | _bPNVM-60184 | ||
| 100 | _aकर्णिक हेमन. | ||
| 245 | _aअदालत. | ||
| 260 | _b"शांती पब्लिकेशन,पुणे." | ||
| 260 | _c60184 | ||
| 300 | _a224 | ||
| 600 | _aकर्णिक हेमन. | ||
| 630 | _aअदालत. | ||
| 700 | _aकर्णिक हेमन. | ||
| 730 | _aअदालत. | ||
| 942 | _cBOOK | ||
| 999 |
_c1326718 _d1326715 |
||